V. I. Lê-Nin toàn tập T.55. T.55

Gespeichert in:
Bibliographische Detailangaben
1. Verfasser: Lê-Nin, V.I., 1870-1924
Format: Buch
Veröffentlicht: Sự thật 1979
Tags: Tag hinzufügen
Keine Tags, Fügen Sie den ersten Tag hinzu!
Thư viện lưu trữ: Mạng thư viện Đại học Đà Nẵng
LEADER 00518nam a2200217 a 4500
001 000029506
003 1792
005 20171030145630.0
008 171030s1979
040 |a LTT 
082 0 |a 335.4  |b LÊ-N 
100 1 |a Lê-Nin, V.I., 1870-1924 
245 0 0 |a V. I. Lê-Nin toàn tập T.55.  |n T.55 
260 |b Sự thật  |c 1979 
OWN |a LTT 
999 |a From the UDN01 
TYP |a Monograph 
TYP |a Printed language 
980 |a Mạng thư viện Đại học Đà Nẵng